[Event "Southend Easter op 67th"]
[Site "Southend"]
[Date "2025.04.19"]
[Round "4"]
[White "Hunn, David"]
[Black "Ponsudhahar, Adit"]
[Result "1-0"]
[WhiteElo "1772"]
[BlackElo "1323"]
[PlyCount "57"]
[EventDate "2025.04.18"]
[EventType "swiss"]
[EventRounds "7"]
[EventCountry "ENG"]
[SourceTitle "CB18_2025"]
[SourceDate "2025.04.30"]
[SourceVersion "1"]
[SourceVersionDate "2025.04.30"]
[SourceQuality "1"]

1. d4 d5 2. c4 c6 3. Nc3 Nf6 4. Bf4 Bf5 5. Qb3 Qb6 6. cxd5 Qxb3 7. axb3 Nxd5 8. Bxb8 Rxb8 9. e3 a6 10. Bc4 Nf6 11. Nf3 e6 12. 0-0 Be7 13. Rfe1 0-0 14. e4 Bg6 15. d5 cxd5 16. exd5 exd5 17. Rxe7 dxc4 18. bxc4 Rfc8 19. b3 Kf8 20. Re3 b5 21. Ne5 bxc4 22. bxc4 Rb6 23. g4 Rd6 24. Na4 Rc7 25. Rae1 Rd8 26. Nb6 Rb7 27. c5 Rc7 28. g5 Nh5 29. Ned7+ 1-0

[Event "Jersey op-B"]
[Site "St Clement Bay"]
[Date "2025.04.08"]
[Round "5"]
[White "Hunn, David"]
[Black "Perchard, Matthew"]
[Result "1/2-1/2"]
[WhiteElo "1772"]
[BlackElo "1686"]
[PlyCount "88"]
[EventDate "2025.04.05"]
[EventType "swiss"]
[EventRounds "9"]
[EventCountry "GCI"]
[SourceTitle "CB16_2025"]
[SourceDate "2025.04.16"]
[SourceVersion "1"]
[SourceVersionDate "2025.04.16"]
[SourceQuality "1"]

1. d4 Nf6 2. c4 e6 3. Nc3 Bb4 4. Nf3 c5 5. e3 Ne4 6. Qc2 Bxc3+ 7. bxc3 d5 8. Bd3 Ng5 9. Nxg5 Qxg5 10. 0-0 Qd8 11. Ba3 Nd7 12. cxd5 exd5 13. dxc5 Ne5 14. Bb5+ Bd7 15. Qf5 Nc4 16. Bxd7+ Qxd7 17. Qxd7+ Kxd7 18. Bc1 Kc6 19. Rb1 b6 20. cxb6 axb6 21. Rb4 b5 22. f3 Rhe8 23. Re1 Rxa2 24. e4 dxe4 25. fxe4 f5 26. Be3 Rxe4 27. Bf2 Rxe1+ 28. Bxe1 Rb2 29. Rxb2 Nxb2 30. Bf2 Kd5 31. Bd4 g6 32. Bg7 Kc4 33. h3 Nd1 34. g4 Nxc3 35. gxf5 gxf5 36. Kf2 Kd3 37. Bf8 Na2 38. Kf3 b4 39. Bxb4 Nxb4 40. Kf4 Nd5+ 41. Kxf5 Ke3 42. Kg5 Nf4 43. Kh6 Nxh3 44. Kxh7 Kd4 1/2-1/2